Warrior Cats Yellowfang's Secret Allegiances Quiz Stats

 Plays Quiz not verified by Sporcle

Support Sporcle.
Go Orange.
Score 0/74 Timer 10:00
0 Plays Today
Rank Cat % Correct
LeaderCedarstar
90.4%
Medicine CatSagewhisker
89.5%
KitYellowkit
88.6%
KitRaggedkit
86%
DeputyStonetooth
85.1%
KitRowankit
84.2%
KitNutkit
83.3%
LeaderPinestar
83.3%
QueenBrightflower
82.5%
Medicine CatGoosefeather
81.6%
WarriorBrackenfoot
80.7%
KitScorchkit
80.7%
DeputySunfall
80.7%
ApprenticeFeatherpaw
80.7%
QueenMoonflower
80.7%
LeaderHeatherstar
78.9%
LeaderHailstar
78.9%
KittypetHal
78.9%
ElderSilverflame
78.1%
KittypetRed
77.2%
ApprenticeTallpaw
76.3%
DeputyShellheart
75.4%
WarriorSmallear
74.6%
Medicine CatHawkheart
74.6%
QueenFeatherstorm
72.8%
QueenPoppydawn
72.8%
WarriorLizardstripe
71.9%
ElderMumblefoot
71.9%
WarriorAdderfang
71.1%
DeputyReedfeather
70.2%
WarriorDawnstripe
70.2%
ApprenticeBramblepaw
70.2%
WarriorDappletail
69.3%
ElderLarksong
69.3%
ApprenticeLeopardpaw
67.5%
ApprenticePatchpaw
66.7%
ElderWeedwhisker
66.7%
Rank Cat % Correct
ApprenticeShrewpaw
66.7%
ElderLizardfang
65.8%
WarriorHalftail*
65.8%
WarriorHollyflower
64.9%
WarriorTawnyspots
64.9%
WarriorRobinwing
64.9%
WarriorFuzzypelt
64.9%
WarriorArcheye
64%
Medicine CatMilkfur
64%
WarriorWindflight
62.3%
WarriorTimberfur
61.4%
WarriorDeerleap
60.5%
WarriorMudclaw
59.6%
WarriorOttersplash
59.6%
WarriorCrowtail
58.8%
WarriorToadskip
58.8%
QueenPoolcloud
58.8%
ElderWhiteberry
58.8%
ElderLittlebird
57.9%
WarriorRedclaw
57.9%
QueenLilystem
57.9%
LonerBoulder
57.9%
QueenFallowtail
57%
KittypetMarmalade
57%
ApprenticeAshpaw
56.1%
WarriorBlizzardwing
55.3%
KittypetJay
55.3%
ApprenticeNewtpaw
54.4%
WarriorNettlespot
53.5%
ApprenticeFrogpaw
53.5%
WarriorRippleclaw
51.8%
KittypetPixie
50.9%
WarriorMousewing
50%
WarriorFinchflight
50%
WarriorAmberleaf
49.1%
ElderTroutclaw
47.4%
WarriorOwlfur
45.6%

You're not logged in!

Compare scores with friends on all Sporcle quizzes.
OR
Log In

From the Vault

Well-Known Movie by Tough Image VI

by Larryholmes79

Even well-known movies have not-so-well-known scenes in them.
Remove Ads.
Support Sporcle.
Get the best of Sporcle when you Go Orange. This ad-free experience offers more features, more stats, and more fun while also helping to support Sporcle. Thank you for becoming a member.

Show Comments

Extras

Top Quizzes Today


Score Distribution

Your Account Isn't Verified!

In order to create a playlist on Sporcle, you need to verify the email address you used during registration. Go to your Sporcle Settings to finish the process.

Report this User

Report this user for behavior that violates our Community Guidelines.

Details: